000 00618nam a2200229Ia 4500
003 OSt
005 20221006163842.0
006 a|||||r|||| 00| 0
007 ta
008 221006b |||||||| |||| 00| 0 eng d
024 _a2,953
037 _cTextual
040 _aFML
_cFML
_beng
041 _2eng
_aeng
082 _aO44va, P0.1 -.3
100 _aSharma T R S Ed.
245 0 _aAncient Indian Litrature
_b An Anthology
260 _aNew Delhi
_bSahitya Acadmy
_c2000
300 _aV P
_ccm.
942 _hO44va, P0.1 -.3
_cTEXL
_2CC
999 _c1115505
_d1115505